000 01944cam a2200325 i 4500
003 SA-RiAUC
005 20260510150444.0
008 251013s1966 ua g 000r0cara c
040 _aSA-MaMIU
_bara
_cSA-RiAUC
_erda
082 0 4 _a239
_qSA-RiAUC
090 _a239
_bك ر د
100 1 _aالكردي، محمد طاهر بن عبد القادر،
_d1321-1400 هجري
_eمؤلف.
245 1 0 _aرسالة النسب الطاهر الشريف في بيان نسب رسول الله صلى الله عليه وسلم وبيان عدد أزواجه وأولاده /
_cتأليف محمد طاهر بن عبد القادر بن محمود الكردي المكي الخطاط.
246 3 0 _aالنسب الطاهر الشريف في بيان نسب رسول الله صلى الله عليه وسلم وبيان عدد أزواجه وأولاده
250 _aالطبعة الأولى.
264 1 _aالقاهرة :
_bشركة مكتبة ومطبعة مصطفى البابي الحلبي وأولاده،
_c1966
300 _a16 صفحة ؛
_c24 × 17 سم
336 _aنص
_btxt
_2rdacontent
_3كتاب
337 _aبدون وسيط
_bn
_2rdamedia
338 _aمجلد
_bnc
_2rdacarrier
500 _aويلية كتاب تبرك الصحابة بآثار رسول الله صلى الله علية وسلم ويلية كتاب تاريخ القآن وغرائب رسمه وحكمه ويلية كتاب مقام ابراهيم علية السلام
501 _aمع : الصوفية : الوجه الآخر / محمد جميل غازي .
600 0 7 _aمحمد (صلى الله عليه وسلم)،
_d53 قبل الهجرة-11 هجري
_xعائلة
_2aucnm
650 7 _aزوجات النبي
_2aucsh
650 7 _aبنات النبي
_2aucsh
650 7 _aأهل بيت الرسول
_vتراجم
_2aucsh
650 7 _aأبناء النبي
_2aucsh
942 _2ddc
_cBOOK
_n0
949 _aSA-JeALM
_d251013
_umohamedma123
_n1
999 _c13773
_d13773